000 00622nam a2200229Ia 4500
003 OSt
005 20221007080801.0
006 a|||||r|||| 00| 0
007 ta
008 221006b |||||||| |||| 00| 0 eng d
024 _a13,360
037 _cTextual
040 _aFLL
_cFLL
_beng
041 _2eng
_aeng
082 _aV73:254:9Z, K3
100 _aFellman David Au.
_9695505
245 0 _aConstitutional right of association
260 _aNew York
_bChicago press U.S.A.
_c1963
300 _a110p
_ccm.
942 _hV73:254:9Z, K3
_cTEXL
_2CC
999 _c1160881
_d1160881